000 00823nam a2200229 a 4500
001 24733
003 CO-ViMGA
005 20230915232015.0
008 141112s2004 ck r 000 u spa d
020 _a9789500600934
040 _aCO-ViMGA
_bspa
_cCO-ViMGA
041 _aspa
082 0 4 _a618.1 T37g
100 1 _aTesta, Roberto.
_936914
245 1 0 _aGinecología :
_bfundamentos para la práctica clínica /
_cRoberto Testa.
260 _aBuenos Aires :
_bEditorial Médica PanAméricana,
_c2011.
300 _axiv, 586 p. : il. ; 28 cm.
504 _aIncluye bibliografía e índice.
650 1 4 _aObstetricia; Climaterio
_936915
852 _10.688.30
942 _2ddc
_cBK
999 _c32537
_d32537